[Event "Collado Villalba op-A 25th"]
[Site "Collado Villalba"]
[Date "2008.08.22"]
[Round "1"]
[White "Gallardo Garcia, Andres"]
[Black "Andreeva, Arina"]
[Result "1-0"]
[WhiteElo "2408"]
[BlackElo "2001"]
[PlyCount "73"]
[EventDate "2008.08.22"]
[EventType "swiss"]
[EventRounds "9"]
[EventCountry "ESP"]
[SourceTitle "CBM 126 Extra"]
[Source "ChessBase"]
[SourceDate "2008.11.05"]
[SourceVersion "1"]
[SourceVersionDate "2008.11.05"]
[SourceQuality "1"]

1. e4 e6 2. d4 d5 3. e5 c5 4. c3 Qb6 5. Nf3 Nc6 6. a3 c4 7. Nbd2 Na5 8. Be2 Bd7 9. 0-0 Ne7 10. Rb1 Nec6 11. Qc2 Be7 12. h4 f6 13. h5 fxe5 14. Nxe5 Nxe5 15. dxe5 0-0-0 16. Bg4 Nb3 17. Nxb3 cxb3 18. Qd1 Bc5 19. Bf4 Bb5 20. Be2 Bxe2 21. Qxe2 Rhf8 22. Bg3 Rf7 23. Kh1 g6 24. Bh4 Be7 25. Bxe7 Rxe7 26. Rbd1 Rf7 27. Rd4 gxh5 28. Qxh5 Rf5 29. Qe2 Qc7 30. f4 Qg7 31. g4 Rf7 32. c4 Qh6+ 33. Kg2 Qg6 34. cxd5 Qc2 35. Qxc2+ bxc2 36. d6 Rc7 37. Rc1 1-0

[Event "Voronezh Region-ch (Women)"]
[Site "Voronezh"]
[Date "2007.01.02"]
[Round "7"]
[White "Andreeva, Arina"]
[Black "Ognerubova, Anastasia"]
[Result "1/2-1/2"]
[WhiteElo "2031"]
[BlackElo "1826"]
[PlyCount "70"]
[EventDate "2006.11.26"]
[EventType "tourn"]
[EventRounds "11"]
[EventCountry "RUS"]
[SourceTitle "EXT 2019"]
[Source "ChessBase"]
[SourceDate "2018.10.10"]
[SourceVersion "1"]
[SourceVersionDate "2018.10.10"]
[SourceQuality "1"]

1. d4 Nf6 2. c4 e5 3. dxe5 Ng4 4. Nf3 Bc5 5. e3 Nc6 6. Be2 0-0 7. 0-0 Ngxe5 8. Nc3 d6 9. Bd2 Bf5 10. Nd5 Nxf3+ 11. gxf3 Bh3 12. Kh1 Bxf1 13. Qxf1 Ne7 14. Qh3 Nxd5 15. cxd5 Qc8 16. Qh4 f6 17. Rg1 Rf7 18. Qh6 Kf8 19. Qxh7 Ke7 20. Qe4+ Kd8 21. Bb5 Re7 22. Rxg7 Rxe4 23. Rg8+ Ke7 24. Rxc8 Rxc8 25. fxe4 c6 26. Be2 cxd5 27. exd5 Bb6 28. Bc3 Rc5 29. Bf3 Ba5 30. Bd4 Rc2 31. Kg2 Bb6 32. Be4 Rc8 33. Bc3 Rg8+ 34. Kf3 Rh8 35. Kg3 Rg8+ 1/2-1/2

[Event "Voronezh Region-ch (Women)"]
[Site "Voronezh"]
[Date "2006.12.27"]
[Round "6"]
[White "Meshcheriakova, Evgenia"]
[Black "Andreeva, Arina"]
[Result "1-0"]
[WhiteElo "2253"]
[BlackElo "2031"]
[PlyCount "109"]
[EventDate "2006.11.26"]
[EventType "tourn"]
[EventRounds "11"]
[EventCountry "RUS"]
[SourceTitle "EXT 2019"]
[Source "ChessBase"]
[SourceDate "2018.10.10"]
[SourceVersion "1"]
[SourceVersionDate "2018.10.10"]
[SourceQuality "1"]

1. e4 e6 2. d4 d5 3. Nd2 a6 4. Ngf3 c5 5. exd5 exd5 6. dxc5 Bxc5 7. Nb3 Ba7 8. Qe2+ Ne7 9. Be3 0-0 10. Bxa7 Rxa7 11. Qd2 Re8 12. Be2 Bf5 13. 0-0 Nbc6 14. Rad1 h6 15. Rfe1 Be4 16. Nfd4 Ra8 17. Bf3 Bg6 18. c3 Qc7 19. Re2 Ne5 20. Qf4 Nxf3+ 21. Qxf3 Be4 22. Qg3 Qxg3 23. hxg3 Nc6 24. Rde1 Kf8 25. Nc5 Ne5 26. f3 Nd3 27. Nxd3 Bxd3 28. Rxe8+ Rxe8 29. Rxe8+ Kxe8 30. g4 Ke7 31. Kf2 g6 32. Ke3 Bb1 33. a3 Kd6 34. Kf4 Bd3 35. g5 h5 36. g3 Bb1 37. Ke3 Kc5 38. Nb3+ Kd6 39. f4 b6 40. Nd2 Bf5 41. Kd4 Bg4 42. Nf1 Bf5 43. Ne3 Be6 44. Nc2 Bc8 45. Nb4 Bb7 46. Nd3 Bc8 47. Ne5 Be6 48. a4 Kc7 49. a5 Kb7 50. Nd3 Bf5 51. axb6 Kxb6 52. Nb4 Kb5 53. Nxd5 a5 54. c4+ Ka4 55. Kc3 1-0

[Event "Voronezh Region-ch (Women)"]
[Site "Voronezh"]
[Date "2006.11.30"]
[Round "5"]
[White "Andreeva, Arina"]
[Black "Abramova, Yulia"]
[Result "0-1"]
[WhiteElo "2031"]
[BlackElo "2008"]
[PlyCount "64"]
[EventDate "2006.11.26"]
[EventType "tourn"]
[EventRounds "11"]
[EventCountry "RUS"]
[SourceTitle "EXT 2019"]
[Source "ChessBase"]
[SourceDate "2018.10.10"]
[SourceVersion "1"]
[SourceVersionDate "2018.10.10"]
[SourceQuality "1"]

1. d4 Nf6 2. c4 e6 3. Nf3 d5 4. Bg5 Be7 5. e3 h6 6. Bh4 0-0 7. Nc3 b6 8. cxd5 exd5 9. Bd3 Be6 10. 0-0 c5 11. Re1 Nc6 12. Rc1 a6 13. Bb1 Re8 14. Qc2 Nb4 15. Qe2 c4 16. Ne5 Nd7 17. Bxe7 Qxe7 18. f4 Nxe5 19. fxe5 Qg5 20. e4 Rad8 21. a3 Nc6 22. exd5 Nxd4 23. Qe4 Bh3 24. Kh1 Rxe5 25. Qh7+ Kf8 26. gxh3 Nf3 27. d6 Rxd6 28. Ne4 Qf4 29. Rc2 Nxe1 30. Rf2 Nf3 31. Nxd6 Re1+ 32. Rf1 Qxh2# 0-1

[Event "Voronezh Region-ch (Women)"]
[Site "Voronezh"]
[Date "2006.11.27"]
[Round "2"]
[White "Zemlianukhina, Viktoria"]
[Black "Andreeva, Arina"]
[Result "1/2-1/2"]
[WhiteElo "2037"]
[BlackElo "2031"]
[PlyCount "60"]
[EventDate "2006.11.26"]
[EventType "tourn"]
[EventRounds "11"]
[EventCountry "RUS"]
[SourceTitle "EXT 2019"]
[Source "ChessBase"]
[SourceDate "2018.10.10"]
[SourceVersion "1"]
[SourceVersionDate "2018.10.10"]
[SourceQuality "1"]

1. e4 e6 2. d3 d5 3. Qe2 Be7 4. Nf3 Nf6 5. g3 c5 6. Bg2 Nc6 7. 0-0 0-0 8. e5 Nd7 9. c4 d4 10. h4 Rb8 11. Bf4 Qa5 12. Nbd2 b5 13. b3 Ba6 14. Ne4 bxc4 15. bxc4 Qa3 16. Bc1 Qa4 17. Bg5 Bb7 18. Rab1 Bxg5 19. Nexg5 Nb4 20. Ne1 Bxg2 21. Kxg2 Qc6+ 22. Nef3 Rb7 23. Rb3 Rfb8 24. Ra3 h6 25. Ne4 Qc7 26. Nd6 Rb6 27. Nb5 Qb7 28. Nd6 Qc7 29. Nb5 Qb7 30. Nd6 Qc7 1/2-1/2

[Event "Voronezh op-B"]
[Site "Voronezh"]
[Date "2006.06.15"]
[Round "4"]
[White "Polyansky, Viktor"]
[Black "Andreeva, Arina"]
[Result "0-1"]
[WhiteElo "2178"]
[BlackElo "2028"]
[PlyCount "58"]
[EventDate "2006.06.12"]
[EventType "swiss"]
[EventRounds "9"]
[EventCountry "RUS"]
[SourceTitle "EXT 2007"]
[Source "ChessBase"]
[SourceDate "2006.11.23"]
[SourceVersion "1"]
[SourceVersionDate "2006.11.23"]
[SourceQuality "1"]

1. d4 e6 2. c4 Bb4+ 3. Bd2 a5 4. e4 d5 5. a3 Bxd2+ 6. Nxd2 a4 7. e5 Ne7 8. Ngf3 0-0 9. Bd3 Nf5 10. g4 Ne7 11. Qc2 h6 12. 0-0 Nbc6 13. h4 dxc4 14. Nxc4 b5 15. Ne3 b4 16. Be4 Bd7 17. g5 h5 18. g6 fxg6 19. Ng5 bxa3 20. bxa3 Rb8 21. Bxc6 Bxc6 22. Nxe6 Qe8 23. Rad1 Rf3 24. Ng5 Rf4 25. d5 Nxd5 26. Nxd5 Rxh4 27. e6 Bxd5 28. Rxd5 c6 29. Rd3 c5 0-1

[Event "RUS-chT (Women) 7th"]
[Site "Sochi"]
[Date "2006.04.27"]
[Round "8"]
[White "Sudakova, Irina"]
[Black "Andreeva, Arina"]
[Result "1-0"]
[WhiteElo "2391"]
[BlackElo "2028"]
[PlyCount "47"]
[EventDate "2006.04.20"]
[EventType "team"]
[EventRounds "11"]
[EventCountry "RUS"]
[SourceTitle "CBM 111 Extra"]
[Source "ChessBase"]
[SourceDate "2006.05.09"]
[SourceVersion "1"]
[SourceVersionDate "2006.05.09"]
[SourceQuality "1"]

1. e4 e6 2. d4 d5 3. Nd2 a6 4. Ngf3 Nf6 5. Bd3 c5 6. exd5 exd5 7. dxc5 Bxc5 8. 0-0 0-0 9. h3 Nc6 10. Nb3 Ba7 11. Bg5 h6 12. Bh4 Be6 13. c3 Re8 14. Bc2 Rc8 15. Qd3 Bb8 16. Rfe1 b5 17. Nc5 b4 18. Bxf6 gxf6 19. Nxe6 Rxe6 20. Qh7+ Kf8 21. Bf5 Ne5 22. Nd4 Re8 23. Bxc8 Qxc8 24. Nf5 1-0

[Event "RUS-chT (Women) 7th"]
[Site "Sochi"]
[Date "2006.04.26"]
[Round "7"]
[White "Andreeva, Arina"]
[Black "Nebolsina, Vera"]
[Result "0-1"]
[WhiteElo "2028"]
[BlackElo "2274"]
[PlyCount "66"]
[EventDate "2006.04.20"]
[EventType "team"]
[EventRounds "11"]
[EventCountry "RUS"]
[SourceTitle "CBM 111 Extra"]
[Source "ChessBase"]
[SourceDate "2006.05.09"]
[SourceVersion "1"]
[SourceVersionDate "2006.05.09"]
[SourceQuality "1"]

1. d4 d5 2. c4 c6 3. Nf3 Nf6 4. Nc3 dxc4 5. a4 Bf5 6. e3 e6 7. Bxc4 Bb4 8. 0-0 0-0 9. Qe2 Ne4 10. Nxe4 Bxe4 11. Rd1 Nd7 12. Bd2 Bd6 13. Bc3 Qe7 14. Bd3 f5 15. Ne5 Bxe5 16. dxe5 Bd5 17. e4 fxe4 18. Bxe4 Rf4 19. Bxd5 exd5 20. Rd3 Re8 21. g3 Re4 22. Re3 Rxe3 23. Qxe3 Nxe5 24. Re1 d4 25. Qxe5 Qxe5 26. Rxe5 Rxe5 27. Bxd4 Ra5 28. b3 c5 29. Be3 c4 30. bxc4 Rxa4 31. c5 Ra1+ 32. Kg2 a5 33. Bd4 Rb1 0-1

[Event "RUS-chT (Women) 7th"]
[Site "Sochi"]
[Date "2006.04.22"]
[Round "3"]
[White "Meleshko, Anna"]
[Black "Andreeva, Arina"]
[Result "1-0"]
[WhiteElo "2227"]
[BlackElo "2028"]
[PlyCount "35"]
[EventDate "2006.04.20"]
[EventType "team"]
[EventRounds "11"]
[EventCountry "RUS"]
[SourceTitle "CBM 111 Extra"]
[Source "ChessBase"]
[SourceDate "2006.05.09"]
[SourceVersion "1"]
[SourceVersionDate "2006.05.09"]
[SourceQuality "1"]

1. d4 e6 2. c4 Bb4+ 3. Bd2 a5 4. Nf3 b6 5. g3 Bb7 6. Bg2 f5 7. 0-0 Bxd2 8. Nbxd2 Nf6 9. Qc2 0-0 10. Rfd1 Ne4 11. Ne5 d5 12. Ndf3 Na6 13. a3 Qe7 14. cxd5 exd5 15. Nc6 Bxc6 16. Qxc6 Qd6 17. Rac1 Rf6 18. Qxa8+ 1-0